[Event "1st Open"]
[Site "Gurgon IND"]
[Date "2009.01.24"]
[Round "5"]
[White "Grover,S"]
[Black "Kunte,A"]
[Result "1/2-1/2"]
[WhiteElo "2266"]
[BlackElo "2527"]

1.e4 c5 2.Nf3 e6 3.d4 cxd4 4.Nxd4 Nc6 5.Nc3 Qc7 6.Be3 a6 7.Qd2 Nf6 8.O-O-O Bb4
9.f3 h5 10.Kb1 Be7 11.Bd3 d6 12.h3 Nxd4 13.Bxd4 e5 14.Be3 Be6 15.g4 Nd7 16.Nd5 Bxd5
17.exd5 g6 18.f4 exf4 19.Bd4 Ne5 20.Qxf4 hxg4 21.hxg4 Rxh1 22.Rxh1 Bf8 23.Rh7 Rd8
24.a3 Qe7 25.Ka2 Rd7 26.g5 Rc7 27.Bb6 Rc8 28.Bd4 Rc7 29.Be4 b5 30.c3 Rb7
31.Bg2 Rc7 32.Bh3 Nd3 33.Qf1 Qe4 34.Be6 Nf4 35.Rh4 fxe6 36.Rxf4 Qxd5+ 37.Ka1 Be7
38.Bf6 e5 39.Rh4 Bf8 40.Rh8 Rf7 41.Qh3 Qd1+ 42.Ka2 Qd5+ 43.Ka1  1/2-1/2

[Event "IMB"]
[Site "Marianske Lazne CZE"]
[Date "2009.01.24"]
[Round "10"]
[White "Vlasak,Lu"]
[Black "Havlikova,K"]
[Result "1/2-1/2"]
[WhiteElo "2163"]
[BlackElo "2172"]

1.e4 c5 2.Nf3 e6 3.d4 cxd4 4.Nxd4 Nc6 5.Nc3 Qc7 6.Be3 Nf6 7.Be2 a6 8.O-O Bb4
9.Na4 Be7 10.Nxc6 bxc6 11.Nb6 Rb8 12.Nxc8 Qxc8 13.Bd4 c5 14.Be5 Rb6 15.Qd3 d6
16.Bc3 O-O 17.b3 d5 18.e5 Ne4 19.Ba5 Rb5 20.Be1 Qc7 21.f4  1/2-1/2

[Event "IMB"]
[Site "Marianske Lazne CZE"]
[Date "2009.01.25"]
[Round "11"]
[White "Simutowe,A"]
[Black "Plischki,S"]
[Result "1/2-1/2"]
[WhiteElo "2485"]
[BlackElo "2418"]

1.e4 c5 2.Nf3 e6 3.d4 cxd4 4.Nxd4 Nc6 5.Nc3 Qc7 6.Be2 a6 7.O-O Nf6 8.Be3 d6
9.a4 Be7 10.f4 O-O 11.Kh1 Nxd4 12.Bxd4 e5  1/2-1/2

[Event "ch-PriFO"]
[Site "Kazan RUS"]
[Date "2009.01.26"]
[Round "6"]
[White "Aldokhin,I"]
[Black "Kalegin,E"]
[Result "1-0"]
[WhiteElo "2251"]
[BlackElo "2510"]

1.e4 c5 2.Nf3 e6 3.d4 cxd4 4.Nxd4 Nc6 5.Nc3 a6 6.Nxc6 bxc6 7.e5 f5 8.Bc4 c5
9.Qf3 Rb8 10.b3 Ne7 11.Qe2 Nc6 12.O-O Qc7 13.f4 Ra8 14.Be3 Bb7 15.Na4 Na5
16.Bd3 Be7 17.Qf2 Rc8 18.Be2 O-O 19.Bf3 Bxf3 20.Qxf3 Rb8 21.c4 Rfc8 22.Rfd1 Qb7
23.Qf2 Qc6 24.Rac1 Nb7 25.Rd3 Rd8 26.Rcd1 Rbc8 27.Qe2 d6 28.exd6 Rxd6 29.Rxd6 Bxd6
30.Nb2 e5 31.fxe5 Bxe5 32.Nd3 Bd6 33.Qf3 Qxf3 34.gxf3 Re8 35.Kf2 Bxh2 36.f4 g5
37.fxg5 Bd6 38.Nf4 Be7 39.Nd5 Kg7 40.Nc7 Rb8 41.Rd7 Kf8 42.Nd5 Bd6 43.Rxh7 Be5
44.Nf6 Bxf6 45.gxf6 Nd8 46.Bxc5+ Kg8 47.Rg7+ Kh8 48.Bd6 Rc8 49.Re7 Nc6 50.Rd7  1-0

[Event "Arcapita Open"]
[Site "Manama BHN"]
[Date "2009.01.26"]
[Round "3"]
[White "Golubev,M"]
[Black "Tregubov,P"]
[Result "1-0"]
[WhiteElo "2487"]
[BlackElo "2647"]

1.e4 c5 2.Nf3 e6 3.d4 cxd4 4.Nxd4 Nc6 5.Nc3 a6 6.Be3 Nf6 7.Bd3 Qc7 8.O-O b5
9.Nxc6 Qxc6 10.a3 Bb7 11.Qe2 Be7 12.f4 O-O 13.Bd4 Bc5 14.Bxc5 Qxc5+ 15.Kh1 Qh5
16.Rf3 Rfe8 17.Qe1 Ng4 18.Qg1 f5 19.Re1 d5 20.Rh3 Qg6 21.e5 d4 22.Ne2 Ne3
23.Rg3 Qh6 24.Nxd4 Nxg2 25.Rxg2 Qxf4 26.Qe3 Qxe3 27.Rxe3 Rad8 28.c3 g5 29.Kg1 Bxg2
30.Kxg2 Kf7 31.Bc2 a5 32.Bb3 b4 33.axb4 axb4 34.Nxf5 Rd2+ 35.Kg3 Rxb2 36.cxb4 Kg6
37.Nd6 Rf8 38.Bxe6 Rxb4 39.Bd7 h5 40.Be8+ Kh6 41.Bf7 Rg4+ 42.Kh3 Rh4+ 43.Kg2 Rg4+
44.Rg3 Rf4 45.e6 Rb8 46.e7 Rb2+ 47.Kh1 Rf1+ 48.Rg1 Rff2 49.Nf5+  1-0

[Event "XXXIV Open"]
[Site "Seville ESP"]
[Date "2009.01.26"]
[Round "4"]
[White "Ibarra Jerez,JC"]
[Black "Lazaro Porta,A"]
[Result "1-0"]
[WhiteElo "2513"]
[BlackElo "1973"]

1.e4 c5 2.Nf3 Nc6 3.Nc3 e6 4.d4 cxd4 5.Nxd4 a6 6.Be3 Nf6 7.f4 Bb4 8.Bd3 d5
9.e5 Ne4 10.Nxc6 bxc6 11.Bxe4 dxe4 12.Qxd8+ Kxd8 13.O-O-O+ Kc7 14.Nxe4 Be7
15.Bc5 Bxc5 16.Nxc5 f5 17.Rd6 Re8 18.Rhd1 Re7 19.Rd8 Rb8 20.c4 a5 21.Kc2 h6
22.Rg8 Rb4 23.Kc3 g5 24.g3 gxf4 25.gxf4 Rb6 26.b3 h5 27.h4 a4 28.Rdd8 Bd7
29.b4  1-0

[Event "7th Gibtelecom Masters"]
[Site "Caleta ENG"]
[Date "2009.01.27"]
[Round "1"]
[White "Carlsson,P"]
[Black "Natalicchio Escalante,N"]
[Result "1-0"]
[WhiteElo "2509"]
[BlackElo "2238"]

1.e4 c5 2.Nf3 e6 3.d4 cxd4 4.Nxd4 Nc6 5.Nc3 Qc7 6.Be2 a6 7.O-O Nf6 8.Kh1 Nxd4
9.Qxd4 Bc5 10.Qd3 b5 11.Bg5 Bb7 12.f4 Bb4 13.Bxf6 gxf6 14.a4 Bxc3 15.bxc3 Qc5
16.Rfd1 O-O 17.axb5 axb5 18.Rab1 Bc6 19.Qg3+ Kh8 20.Qh4 Kg7 21.Qg3+ Kh8 22.Qh4 Kg7
23.e5 Rg8 24.Rd3 Kf8 25.Qh6+ Ke8 26.Bf3 fxe5 27.Qxh7 Ke7 28.Qh4+ Ke8 29.Qh7 Ke7
30.fxe5 Rg5 31.Bxc6 dxc6 32.Rbd1 Qxe5 33.Rd7+  1-0

[Event "ch-PriFO"]
[Site "Kazan RUS"]
[Date "2009.01.27"]
[Round "7"]
[White "Glukhov,A2"]
[Black "Tukhvatullin,V"]
[Result "0-1"]
[WhiteElo "2002"]
[BlackElo "2227"]

1.e4 c5 2.Nf3 e6 3.d4 cxd4 4.Nxd4 Nc6 5.Nc3 a6 6.Nb3 Nf6 7.Bd3 b5 8.a3 Be7
9.O-O Ne5 10.f4 Nxd3 11.cxd3 Bb7 12.Be3 d6 13.Rc1 O-O 14.g4 e5 15.f5 h6 16.g5 hxg5
17.Bxg5 Qb6+ 18.Kh1 Nxe4 19.dxe4 Bxg5 20.Qg4 Bxc1 21.f6 g6 22.Rf3 Rfc8 23.Nxc1 Rxc3
24.bxc3 Qc6 25.Re3 d5 26.Qg5 d4 27.Re1 Qxc3 28.Re2 Rc8 29.Na2 Qf3+ 30.Qg2 Qxg2+
31.Kxg2 d3 32.Rd2 Bxe4+  0-1

[Event "7th Gibtelecom Masters"]
[Site "Caleta ENG"]
[Date "2009.01.28"]
[Round "2"]
[White "Kotronias,V"]
[Black "Bellon Lopez,JuM"]
[Result "1-0"]
[WhiteElo "2603"]
[BlackElo "2440"]

1.e4 c5 2.Nf3 e6 3.d4 cxd4 4.Nxd4 Nc6 5.Nc3 Qc7 6.Be3 a6 7.Qd2 Nf6 8.O-O-O b5
9.f3 Bb4 10.Nb3 Ne5 11.Qe1 Rb8 12.Qg3 O-O 13.Bd4 Bd6 14.f4 Nh5 15.fxe5 Nxg3
16.exd6 Qxd6 17.hxg3 Qxg3 18.Rh3 Qg5+ 19.Be3 Qe5 20.g3 Qc7 21.Bf4 Qb6 22.Nc5 e5
23.Bxe5 Qxc5 24.Bxb8 d6 25.Bxd6 Qe3+ 26.Kb1 Bxh3 27.Bxf8 Qg5 28.Rd5 Qf6 29.Bxh3 Kxf8
30.a3 Qf3 31.Bc8 Qxg3 32.Bxa6 g5 33.Bxb5 h5 34.Ne2 Qe3 35.Nd4 Qxe4 36.Bc6 Qf4
37.b4 h4 38.Nf5 Kg8 39.b5 Qc7 40.Rd7 Qa5 41.Kb2 h3 42.Nh6+ Kg7 43.Nxf7 h2
44.Ne5+ Kg8 45.Bd5+ Kf8 46.Rf7+ Ke8 47.Bc6+ Kd8 48.Rd7+ Kc8 49.Bb7+  1-0

[Event "ch-PriFO"]
[Site "Kazan RUS"]
[Date "2009.01.28"]
[Round "8"]
[White "Voitsekhovsky,S"]
[Black "Geller,J"]
[Result "1/2-1/2"]
[WhiteElo "2523"]
[BlackElo "2523"]

1.e4 c5 2.Nf3 e6 3.d4 cxd4 4.Nxd4 Nc6 5.Nc3 Qc7 6.g3 a6 7.Bg2 Nf6 8.O-O Nxd4
9.Qxd4 Bc5 10.Qd3 d6 11.Na4 Ba7 12.b3 O-O 13.Ba3 Rd8 14.Rad1 d5 15.exd5 exd5
16.Qc3 Qxc3 17.Nxc3 Bg4 18.Rd2 Ne4 19.Bxe4 dxe4 20.Rxd8+ Rxd8 21.Nxe4 Re8
22.Re1 Re6 23.Bb4 Bf5 24.Nd6 Rxe1+ 25.Bxe1 Bxc2 26.Nxb7 Bb1 27.a3 Bc2 28.b4 Bd4
29.Na5 Kf8 30.Bd2 Ke8 31.Be3 Bc3 32.Nb7 Bb2 33.Nc5 Bxa3 34.Nxa6 Kd7 35.Bd2 Kc6
36.Nc5 Bf5 37.Nb3 Kd5 38.Na5 Bd3 39.Bc3 g5 40.f3 f5 41.Kf2 h5 42.Nb7 Bc1
43.Nc5 Bc4 44.Nd7 Bb5 45.Nf6+ Kc4 46.Be1 h4 47.gxh4 gxh4 48.Kg2 Bg5 49.Nh7 Be7  1/2-1/2

[Event "ch-PriFO"]
[Site "Kazan RUS"]
[Date "2009.01.29"]
[Round "9"]
[White "Filipenko,A"]
[Black "Tukhvatullin,V"]
[Result "1-0"]
[WhiteElo "2360"]
[BlackElo "2227"]

1.e4 c5 2.Nf3 e6 3.d4 cxd4 4.Nxd4 Nc6 5.Nc3 a6 6.f4 d6 7.Be3 Bd7 8.Bc4 Nf6
9.Bb3 Be7 10.Qf3 Qc7 11.O-O-O Rc8 12.g4 h6 13.Rhg1 g6 14.Nxc6 Qxc6 15.Bd4 Rf8
16.Qe2 b5 17.e5 dxe5 18.fxe5 Nh7 19.Rg3 Rh8 20.Rgd3 Rc7 21.Ne4 Kf8 22.Rc3 Qb7
23.Nd6 Bxd6 24.exd6 Rxc3 25.Bxc3 Rg8 26.Qe3 g5 27.Bd5 Qc8 28.Be4  1-0

[Event "XXXIV Open"]
[Site "Seville ESP"]
[Date "2009.01.30"]
[Round "8"]
[White "Rizouk,A"]
[Black "Ivanov,Jo"]
[Result "1-0"]
[WhiteElo "2518"]
[BlackElo "2436"]

1.e4 c5 2.Nf3 e6 3.d4 cxd4 4.Nxd4 Nc6 5.Nc3 Qc7 6.Be3 a6 7.Be2 Nf6 8.O-O Be7
9.f4 d6 10.Qe1 O-O 11.Qg3 Nxd4 12.Bxd4 b5 13.a3 Bb7 14.Rae1 Rad8 15.Kh1 Rd7
16.Bd3 Re8 17.Qh3 g6 18.f5 e5 19.Be3 Qd8 20.Rf3 d5 21.exd5 Bxd5 22.Rff1 e4
23.Be2 Bc6 24.Bg5 Nd5 25.fxg6 hxg6 26.Rxf7 Kxf7 27.Qh7+ Ke6 28.Qxg6+ Nf6
29.Bf4 Bf8 30.Bg4+ Ke7 31.Bg5 Kd6 32.Bxf6 Be7 33.Bxe7+ Kxe7 34.Qxc6  1-0

[Event "Bundesliga 2008-9"]
[Site "Berlin GER"]
[Date "2009.01.31"]
[Round "10"]
[White "Sebastian,D"]
[Black "Thiel,T"]
[Result "1-0"]
[WhiteElo "2432"]
[BlackElo "2286"]

1.e4 c5 2.Nf3 Nc6 3.Nc3 e6 4.d4 cxd4 5.Nxd4 Nf6 6.Nxc6 bxc6 7.e5 Nd5 8.Ne4 Qc7
9.f4 Qb6 10.c4 Ne3 11.Qd3 Bb4+ 12.Bd2 Ba6 13.b3 O-O 14.Bxb4 Qxb4+ 15.Kf2 Nd5
16.g3 Qb6+ 17.Kf3 c5 18.Bg2 Nb4 19.Qd6 Bb7 20.Kf2 Bxe4 21.Qxb6 axb6 22.Bxe4 Rxa2+
23.Rxa2 Nxa2 24.Ra1 Nb4 25.Ra7 Rd8 26.Rb7 d5 27.cxd5 exd5 28.Bf3 g6 29.Rxb6 Ra8
30.g4 Ra3 31.f5 gxf5 32.gxf5 Rxb3 33.Kg3 Kg7 34.Rb7 Re3 35.e6 Nd3 36.Rxf7+ Kg8
37.Rc7 Kf8 38.Kg4 d4 39.Bd5 Nf2+ 40.Kg5 Re5 41.Bf3  1-0

[Event "Bundesliga 2008-9"]
[Site "Berlin GER"]
[Date "2009.01.31"]
[Round "10"]
[White "Luther,T"]
[Black "Sokolov,And1"]
[Result "1-0"]
[WhiteElo "2532"]
[BlackElo "2559"]

1.e4 c5 2.Nf3 e6 3.d4 cxd4 4.Nxd4 Nc6 5.Nc3 Qc7 6.f4 a6 7.Nxc6 Qxc6 8.Bd3 b5
9.Qe2 Bb7 10.Bd2 Rc8 11.a3 Bc5 12.O-O-O b4 13.axb4 Bxb4 14.Qg4 Kf8 15.Qg3 Nf6
16.Rhe1 h5 17.f5 h4 18.Qf4 Qc7 19.e5 Bxc3 20.Bxc3 Nd5 21.Bb4+ Kg8 22.Qg4 Nxb4
23.Qxb4 Rh6 24.f6 gxf6 25.Qg4+ Kf8 26.exf6 Rxf6 27.Rf1 Rxf1 28.Rxf1 Bd5 29.Qg6 e5
30.Qh6+ Ke8 31.Qh8+ Ke7 32.Qf6+ Ke8 33.Qh8+ Ke7 34.Qf6+ Ke8 35.Qh8+ Ke7 36.Qxh4+ Ke8
37.Qh8+ Ke7 38.Qf6+ Ke8 39.Qh8+ Ke7 40.Qf6+ Ke8 41.Rf5 d6 42.Rg5 Be6 43.Bf5 Qa5
44.Rg8+  1-0

[Event "Open"]
[Site "Moscow RUS"]
[Date "2009.01.31"]
[Round "1"]
[White "Sjugirov,S"]
[Black "Zvjaginsev,V"]
[Result "1/2-1/2"]
[WhiteElo "2562"]
[BlackElo "2636"]

1.e4 c5 2.Nf3 e6 3.d4 cxd4 4.Nxd4 Nc6 5.Nc3 d6 6.g4 h6 7.Be3 Nf6 8.h3 Bd7
9.f4 Be7 10.Qd2 Nxd4 11.Bxd4 Qa5 12.O-O-O e5 13.Be3 Rc8 14.Bg2 Be6 15.a3 exf4
16.Bxf4 Nd7 17.Nd5 Qxd2+ 18.Rxd2 Ne5 19.Rhd1 Bxd5 20.Rxd5 Bg5 21.Bxg5 hxg5
22.Rxd6 Ke7 23.R6d5 f6 24.b3 Rc3 25.Kb2 Rhc8 26.R1d2 R8c7 27.Ra5 a6 28.Ra4 Rg3
29.Rad4 Rgc3 30.a4  1/2-1/2

[Event "Bundesliga 2008-9"]
[Site "Muelheim GER"]
[Date "2009.01.31"]
[Round "10"]
[White "Bacrot,E"]
[Black "Potkin,V"]
[Result "0-1"]
[WhiteElo "2705"]
[BlackElo "2613"]

1.e4 c5 2.Nf3 e6 3.d4 cxd4 4.Nxd4 Nc6 5.Nc3 Qc7 6.Be2 Nf6 7.Be3 Be7 8.f4 d6
9.Qd2 O-O 10.O-O-O Nxd4 11.Bxd4 e5 12.Be3 Bd7 13.g4 Nxg4 14.Nd5 Qd8 15.Bxg4 Bxg4
16.Rdf1 exf4 17.Bd4 Bg5 18.Rhg1 f3 19.Ne3 h5 20.Kb1 f6 21.Rf2 Re8 22.h3 Bxh3
23.Qc3 Rxe4 24.Rxf3 Bg4 25.Qb3+ d5 26.Nxg4 hxg4 27.Rd3 Qd7 28.Rgd1 Qf7 29.a4 a6
30.Bc5 d4 31.Qb6 Rae8 32.Bxd4 Re1 33.Bc3 Rxd1+ 34.Rxd1 f5 35.Qc5 Be3 36.Qd6 Bh6
37.Rh1 Qe6 38.Qc7 Qc6 39.Qh2 g3 40.Qh3 f4 41.Rg1 Re2 42.Rd1 Qe6 43.Qh5 g2
44.a5 Kh7  0-1

[Event "FINEC GM"]
[Site "St Petersburg RUS"]
[Date "2009.01.31"]
[Round "5"]
[White "Lintchevski,D"]
[Black "Savchenko,S"]
[Result "1/2-1/2"]
[WhiteElo "2481"]
[BlackElo "2572"]

1.e4 c5 2.Nf3 e6 3.d4 cxd4 4.Nxd4 Nc6 5.Nc3 a6 6.Nxc6 bxc6 7.Qd3 Qc7 8.Qg3 Qxg3
9.hxg3 Rb8 10.a3 Nf6 11.b4 e5  1/2-1/2

[Event "7th Gibtelecom Masters"]
[Site "Caleta ENG"]
[Date "2009.02.01"]
[Round "6"]
[White "Ganguly,S"]
[Black "Bellon Lopez,JuM"]
[Result "1-0"]
[WhiteElo "2614"]
[BlackElo "2440"]

1.e4 c5 2.Nf3 e6 3.d4 cxd4 4.Nxd4 Nc6 5.Nc3 Qc7 6.Be2 a6 7.O-O Nf6 8.Be3 Be7
9.f4 d6 10.Qe1 O-O 11.Qg3 Nxd4 12.Bxd4 b5 13.a3 d5 14.Kh1 Bb7 15.exd5 exd5
16.Bd3 g6 17.Rae1 Nh5 18.Qf2 Bd6 19.Be5 Bxe5 20.Rxe5 Rad8 21.Qd4 Rfe8 22.Rxe8+ Rxe8
23.f5 Re5 24.f6 g5 25.Qg4 Nxf6 26.Rxf6 Re1+ 27.Rf1 Qe5 28.Qf3  1-0

[Event "7th Gibtelecom Masters"]
[Site "Caleta ENG"]
[Date "2009.02.01"]
[Round "6"]
[White "Haugstad,E"]
[Black "Stebbings,A"]
[Result "0-1"]
[WhiteElo "2115"]
[BlackElo "2290"]

1.e4 c5 2.Nf3 e6 3.d4 cxd4 4.Nxd4 Nc6 5.Nc3 Qc7 6.Be3 a6 7.Qd2 Nf6 8.O-O-O Bb4
9.f3 O-O 10.Nb3 b5 11.Qf2 Rb8 12.Kb1 Bxc3 13.bxc3 d5 14.Bg5 Qe5 15.Qh4 dxe4
16.Bf4 Qxc3 17.Bxb8 Nxb8 18.fxe4 Bb7 19.Bd3 Nbd7 20.Qe1 Qe5 21.Qb4 Rc8 22.Qd4 Qc7
23.a4 Nb6 24.axb5 axb5 25.Qb4 Na4 26.Rde1 Nc3+ 27.Kb2 Ra8 28.Nc5 Qxc5 29.Qxc5 Na4+
30.Kb3 Nxc5+ 31.Kb4 Ncxe4 32.Bxb5 Nd6 33.Rhg1 Rb8 34.c4 Ba6 35.Kc5 Nxb5 36.cxb5 Rxb5+
37.Kc6 Rb2 38.Ra1 Bb7+ 39.Kc7 g5 40.Rab1 Rxb1 41.Rxb1 Bd5 42.Rf1 Ng4 43.h3 Ne3
44.Rf2 Nxg2 45.Kd6 Kg7 46.Ke7 Nf4 47.h4 Ng6+ 48.Ke8 Bc6+  0-1

[Event "Bundesliga 2008-9"]
[Site "Emsdetten GER"]
[Date "2009.02.01"]
[Round "11"]
[White "Mainka,R"]
[Black "Babula,V"]
[Result "0-1"]
[WhiteElo "2482"]
[BlackElo "2608"]

1.e4 c5 2.Nf3 e6 3.d4 cxd4 4.Nxd4 Nc6 5.Nc3 d6 6.g4 Nxd4 7.Qxd4 a6 8.Be3 Ne7
9.O-O-O Nc6 10.Qb6 Qxb6 11.Bxb6 Bd7 12.f4 Rc8 13.h4 h5 14.g5 Ne7 15.Bg2 Ng6
16.Be3 Be7 17.Ne2 Nf8 18.Bf3 g6 19.Bd4 Rg8 20.Bc3 Ba4 21.b3 Bb5 22.Bb4 Bxe2
23.Bxe2 Rc6 24.f5 Nd7 25.f6 Bf8 26.Kb1 Kd8 27.Rd2 Kc7 28.Rhd1 Rh8 29.a4 Nc5
30.Bf3 Nxa4 31.e5 d5 32.Bxf8 Nc3+ 33.Kc1 Rxf8 34.Re1 b5 35.Kb2 Kb6 36.Re3 Rfc8
37.Rd4 a5 38.Rd2 b4 39.Red3 R8c7 40.Re3 Rc8 41.Bg2 Nd1+  0-1

[Event "Bermuda Open"]
[Site "Southampton BER"]
[Date "2009.02.01"]
[Round "5"]
[White "De Firmian,N"]
[Black "Cummings,D"]
[Result "1/2-1/2"]
[WhiteElo "2545"]
[BlackElo "2362"]

1.e4 c5 2.Nf3 e6 3.d4 cxd4 4.Nxd4 Nc6 5.Nc3 Qc7 6.Be2 a6 7.O-O Nf6 8.Kh1 Nxd4
9.Qxd4 Bc5 10.Qd3 b5 11.f4 h5 12.Bf3 Bb7 13.e5 Ng4 14.Bxb7 Qxb7 15.Ne4 Rc8
16.Qf3 Qc6 17.Bd2 Nh6 18.c4 bxc4 19.Rac1 Be7 20.b3 O-O 21.Rxc4 Qd5 22.Ra4 Rc2
23.Rd1 Rfc8 24.Qxh5 Nf5 25.Qf3 Nh4 26.Qf1 Nf5 27.Qxa6 Rc1 28.Rg1 Rxg1+ 29.Kxg1 Rc2
30.Qe2 Bc5+ 31.Kf1 Be3 32.Rc4 Bxd2 33.Rxc2 Ne3+ 34.Kf2 Nxc2 35.Nxd2 Qd4+
36.Kg3 Ne3 37.Kf3 Nd5 38.g3 Nc3 39.Qe3 Qd5+ 40.Kg4 Nxa2 41.Ne4 Nb4 42.Nd6 f6
43.Kh3 Nd3 44.Nc4 fxe5 45.fxe5 Nc5 46.Nb6 Qd1 47.Qxc5 Qf3 48.Kh4 g5+ 49.Kxg5 Qf5+
50.Kh4 Qh7+  1/2-1/2

[Event "TCh-BEL 2008-9"]
[Site "Belgium BEL"]
[Date "2009.02.02"]
[Round "8"]
[White "Meessen,R"]
[Black "De Haan,E"]
[Result "0-1"]
[WhiteElo "2303"]
[BlackElo "2364"]

1.e4 c5 2.Nf3 e6 3.d4 cxd4 4.Nxd4 Nc6 5.Nc3 Qc7 6.Be3 a6 7.Qd2 Nf6 8.O-O-O Bb4
9.f3 Ne5 10.Nb3 b5 11.Qe1 Rb8 12.Qg3 Nh5 13.Qg5 g6 14.Bd4 f6 15.Qe3 Be7 16.Qe1 O-O
17.Kb1 d6 18.Be3 b4 19.Ne2 a5 20.Nf4 Nxf4 21.Bxf4 a4 22.Nd4 Bd7 23.h4 Rfc8
24.Ba6 Rd8 25.Qe2 Nf7 26.h5 g5 27.Be3 e5 28.Nb5 Qa5 29.Na7 Rb6 30.Bc4 Qxa7
31.g3 Qc7 32.Bxb6 Qxb6 33.f4 g4 34.Rh4 f5 35.exf5 Bxh4 36.Qxg4+ Kf8 37.gxh4 d5
38.fxe5 dxc4 39.e6 Bxe6 40.Rxd8+ Nxd8 41.fxe6 Qxe6 42.Qf4+ Ke8 43.Qg3 Qe4
44.Kc1 Kd7 45.Kd2 Ne6 46.Qg8 Qf4+ 47.Kd1 Qf3+ 48.Kc1 Qe2 49.Qg1 Ke7 50.h6 Kf6
51.Kb1 Ke5 52.Kc1 Ke4 53.Kb1 Nd4 54.Qh1+ Nf3 55.b3 axb3 56.axb3 c3 57.h5 Ke3
58.Ka1 Kd2 59.Ka2 Qd1 60.Qh2+ Kc1 61.Qf4+ Qd2 62.Qe4 Qxc2+ 63.Qxc2+ Kxc2
64.Ka1 Kxb3 65.Kb1 Kc4  0-1

[Event "TCh-BEL 2008-9"]
[Site "Belgium BEL"]
[Date "2009.02.02"]
[Round "8"]
[White "Pucher,S"]
[Black "Zhang,T"]
[Result "1/2-1/2"]
[WhiteElo "2259"]
[BlackElo "2240"]

1.e4 c5 2.Nf3 e6 3.Nc3 Nc6 4.d4 cxd4 5.Nxd4 Qc7 6.g3 a6 7.Bg2 Nf6 8.O-O Be7
9.a4 O-O 10.Nb3 b6 11.f4 d6 12.g4 Re8 13.g5 Nd7 14.f5 Bf8 15.Ne2 Bb7 16.Nf4 Nde5
17.c3 Nd8 18.Nd4 exf5 19.exf5 Bxg2 20.Kxg2 Qb7+ 21.Nf3 Ndc6 22.g6 Ne7 23.gxh7+ Kh8
24.f6 Nf5 25.Qd5 Qxd5 26.Nxd5 Nc4 27.Ng5 Nce3+ 28.Bxe3 Nxe3+ 29.Nxe3 Rxe3
30.fxg7+ Bxg7 31.Nxf7+ Kxh7 32.Nxd6 Rd8 33.Nc4 Re2+ 34.Rf2 Rxf2+ 35.Kxf2 b5
36.axb5 axb5  1/2-1/2

[Event "14th HIT Open"]
[Site "Nova Gorica SLO"]
[Date "2009.02.02"]
[Round "4"]
[White "Sedlak,N"]
[Black "Gjuran,D"]
[Result "1-0"]
[WhiteElo "2592"]
[BlackElo "2344"]

1.e4 c5 2.Nf3 e6 3.d4 cxd4 4.Nxd4 Nc6 5.Nc3 a6 6.Be3 Nf6 7.Bd3 Qc7 8.O-O b5
9.Qe2 Bb7 10.a4 b4 11.Na2 Be7 12.c3 Nxd4 13.Bxd4 e5 14.Be3 b3 15.Nb4 a5 16.Nd5 Nxd5
17.exd5 Bxd5 18.Rad1 Bc6 19.Qg4 g6 20.Bh6 f5 21.Qe2 Bf6 22.Bb5 O-O-O 23.Qc4 e4
24.Qxb3 d5 25.Bf4 Qd7 26.Ba6+ Bb7 27.Qb6  1-0

[Event "14th HIT Open"]
[Site "Nova Gorica SLO"]
[Date "2009.02.02"]
[Round "4"]
[White "Mazi,L"]
[Black "Jovanic,O"]
[Result "1/2-1/2"]
[WhiteElo "2377"]
[BlackElo "2527"]

1.e4 c5 2.Nf3 e6 3.d4 cxd4 4.Nxd4 Nc6 5.Nc3 Qc7 6.Be3 Nf6 7.Qd2 Bb4 8.f3 Nxd4
9.Qxd4 Bxc3+ 10.Qxc3 Qxc3+ 11.bxc3 d6 12.c4 b6 13.a4 Nd7 14.a5 Bb7 15.Bd3 Kd8
16.Kd2 Kc7 17.Rhb1 Bc6 18.Ra3 Rhb8 19.Rba1 Nc5 20.Bd4 f6 21.Ke3 Nd7 22.Kd2 Nc5
23.Ke3 Re8 24.Kd2 h6 25.h4 Rab8 26.axb6+ axb6 27.Be2 Ra8 28.Rxa8 Bxa8 29.g4 e5
30.Be3 Bc6 31.Bd3 Rh8 32.h5 Na4 33.Be2 Kb7 34.Ra3 Rd8 35.Ra1 Rc8 36.Ra2 Be8
37.Bd3 Nc5 38.Bf2 Bf7 39.Be3 Rc6 40.Ra3 Kb8 41.Bf2 Be6 42.Be3 Kb7 43.Bf2 Nd7
44.Ra4 Nc5 45.Ra3 Bg8 46.Be3 Bf7 47.Ra1 Ne6 48.Ra4 Nc7 49.Bf2 Be6 50.Be3 Bc8
51.Bf2 Kb8 52.Be3 Ba6 53.Bf2 Kb7 54.Be3 Ne6 55.Be2 Nc5 56.Ra1 Nd7 57.Ra4 Nb8
58.Bf2 Rc7 59.Rb4 Rc6 60.Ra4 Kc7 61.Bd3 Bc8 62.Ra7+ Bb7 63.Ra4 Nd7 64.Be3 Nc5
65.Ra3 Bc8 66.Ra7+ Bb7 67.Ra3 Kb8 68.Ra1 Bc8 69.Ra3 Be6 70.Bf2 Bf7 71.Be3 Kb7
72.Be2 Rc8 73.Bf2 Be8 74.Bd3 Na4 75.Ra2 Ra8 76.Be3 Ra5 77.Ra1 Nc5 78.Rb1 Bf7
79.Bg1 g6 80.hxg6 Bxg6 81.Be2 h5 82.gxh5 Bxh5 83.Bf2 Ra3 84.Be3 Ra8 85.Rg1 Kc6
86.Rg7 Rf8 87.Rh7 Bg6 88.Rg7 Be8 89.Bd3 Bd7 90.Rg6 Rf7 91.Bh6 f5 92.Rg7 Rxg7
93.Bxg7 Ne6 94.Bf6 f4 95.Be2 Nd4 96.Bh4 Bh3 97.c3 Nb3+ 98.Ke1 Be6 99.Bd1 Na5
100.Ba4+ Kc7 101.Bf2 Bxc4 102.Bh4 Nb7 103.Bc2 Nc5 104.Bd1 Kc6 105.Bc2 Bb3
106.Bb1 Kd7 107.Bg5 Kc7 108.Bh4 Kc6 109.Bd8 Na4 110.Kd2 Nb2 111.Kc1 Nd1 112.Kd2 Ne3
113.Ke2 Bc4+ 114.Ke1 Nf1 115.Bc2 Ng3 116.Ba4+ b5 117.Bd1 Kd7 118.Ba5 Ke6
119.Kf2 Nf1 120.Bb6 Kd7 121.Ke1 Ke6 122.Bb3 Ng3 123.Bd1 Nh5 124.Kf2 Nf6 125.Bc2 Ke7
126.Bc7 Nd7 127.Ba5 Ke6 128.Bb4 Nc5 129.Ke1 Kd7 130.Kf2 Ne6 131.Ba5 Ng5 132.Bb6 Ke6
133.Bd8 Nf7 134.Bc7 Kd7 135.Ba5 Nd8 136.Bb4 Nc6 137.Ba3 Nb8 138.Bb4 Na6 139.Ba3 Kc6
140.Ke1 Bf7 141.Kf2 Nc5 142.Bb4 Bh5 143.Ba3 Na4 144.c4 Nc5 145.cxb5+ Kxb5
146.Bc1 Bf7 147.Bd2 Bc4 148.Bb1 Bb3 149.Bc3 Ka4 150.Ke1 Ka3 151.Kd2 Ka4 152.Bd3 Bf7
153.Be2 Be8 154.Ke1 Ne6 155.Bd1+ Kb5 156.Bb3 Ng5 157.Bd1 Bf7 158.Bd2 Bc4
159.Bc1 Kb4 160.Bd2+ Kc5 161.Bc1 Kd4 162.Ba3 Nf7 163.Kf2 Kc3 164.Ba4 d5 165.exd5 Bxd5
166.Be7 Be6 167.Be8 Nh6 168.Bg6 Bf5 169.Be8 Bd3 170.Bd6 Kd4 171.Bb8 Bc4 172.Bg6 Be6
173.Ba7+ Kc4 174.Bb8 Nf7 175.Bxf7 Bxf7 176.Bxe5 Bd5 177.Bxf4 Bxf3  1/2-1/2

[Event "7th Gibtelecom Masters"]
[Site "Caleta ENG"]
[Date "2009.02.03"]
[Round "8"]
[White "Csonka,A1"]
[Black "Bruno,Fabi"]
[Result "1-0"]
[WhiteElo "2289"]
[BlackElo "2461"]

1.e4 c5 2.Nf3 e6 3.d4 cxd4 4.Nxd4 Nc6 5.Nc3 Qc7 6.Be3 Nf6 7.f3 a6 8.Qd2 Be7
9.O-O-O b5 10.g4 Ne5 11.g5 Nh5 12.f4 Ng4 13.e5 Nxe3 14.Qxe3 Bb7 15.Rg1 g6
16.Bg2 Bxg2 17.Rxg2 d6 18.Nxe6 fxe6 19.exd6 Qc4 20.Rf2 Bd8 21.b3 Bb6 22.Qe5 Qc5
23.Qxh8+ Kd7 24.Qxa8 Qxf2 25.Qb7+ Kd8 26.Qe7+ Kc8 27.d7+  1-0

[Event "7th Gibtelecom Masters"]
[Site "Caleta ENG"]
[Date "2009.02.04"]
[Round "9"]
[White "Perez Ponsa,F"]
[Black "Cramling,P"]
[Result "0-1"]
[WhiteElo "2390"]
[BlackElo "2548"]

1.e4 c5 2.Nf3 e6 3.d4 cxd4 4.Nxd4 Nc6 5.Nc3 Qc7 6.Be3 a6 7.Qd2 Nf6 8.O-O-O Be7
9.f3 h5 10.Qf2 d6 11.h3 b5 12.Nxc6 Qxc6 13.Bd3 h4 14.Kb1 b4 15.Ne2 e5 16.c4 bxc3
17.Nxc3 Be6 18.Rc1 Qb7 19.f4 exf4 20.Bxf4 O-O 21.Ka1 Nd7 22.g4 Nc5 23.Bb1 a5
24.Nd5 Bxd5 25.exd5 a4 26.Rxc5 dxc5 27.Rd1 a3 28.Be5 axb2+ 29.Bxb2 Rfb8 30.Qc2 Qxb2+
31.Qxb2 Bf6 32.Qxf6 gxf6 33.d6 Ra4 34.d7 Rd4 35.Rxd4 cxd4 36.Bd3 Kf8 37.a4 Ke7
38.Bb5 Rb6 39.Kb2 Re6 40.Kb3 Re3+ 41.Kb4 d3 42.Kc3 Rxh3 43.Kd2 Rh1  0-1

[Event "Open A"]
[Site "Moscow RUS"]
[Date "2009.02.04"]
[Round "5"]
[White "Li Chao2"]
[Black "Novikov,St1"]
[Result "1/2-1/2"]
[WhiteElo "2628"]
[BlackElo "2523"]

1.e4 c5 2.Nf3 e6 3.d4 cxd4 4.Nxd4 Nc6 5.Nc3 a6 6.Be2 d6 7.O-O Bd7 8.a4 Nf6
9.Nb3 Na5 10.Nd4 Nc6 11.Be3 Be7 12.Nb3 Na5 13.Nd2 Qc7 14.f4 O-O 15.Qe1 Nc6
16.Qf2 Nb4 17.Bb6 Qc8 18.Rac1 Bc6 19.Bd4 Qb8 20.a5 e5 21.Be3 d5 22.fxe5 Qxe5
23.Nf3 Qb8 24.Nd4 Nxe4 25.Nxe4 dxe4 26.Nf5 Bf6 27.Bc5 Nd5 28.c4 e3 29.Qg3 Qxg3
30.Nxg3 Nc7 31.Bxf8 Kxf8 32.b4 Rd8 33.Rb1 Rd2 34.b5 Bd7 35.Rfc1 Be5 36.Kf1 Ne6
37.Rd1 Nd4 38.Rxd2 exd2 39.bxa6 bxa6 40.Kf2 Nxe2 41.Kxe2 Bf4 42.Kf3 Bxg3
43.hxg3 Ba4 44.Ke2 d1=Q+ 45.Rxd1 Bxd1+ 46.Kxd1 Ke7 47.g4 Kd6 48.Kd2 Ke5 49.Kd3 f6
50.Ke3 g6 51.Kd3 h6 52.Ke3 f5 53.gxf5 gxf5 54.g3 h5  1/2-1/2

[Event "FINEC GM"]
[Site "St Petersburg RUS"]
[Date "2009.02.04"]
[Round "9"]
[White "Kovalev,An"]
[Black "Matlakov,M"]
[Result "1/2-1/2"]
[WhiteElo "2535"]
[BlackElo "2487"]

1.e4 c5 2.Nf3 e6 3.d4 cxd4 4.Nxd4 Nc6 5.Nc3 Qc7 6.Be2 Nf6 7.O-O a6 8.Be3 Be7
9.f4 d6 10.a4 O-O 11.Kh1 Re8 12.Bd3 Nb4 13.a5 Bd7 14.Nf3 Bc6 15.Bb6  1/2-1/2

[Event "7th Gibtelecom Masters"]
[Site "Caleta ENG"]
[Date "2009.02.05"]
[Round "10"]
[White "Lovik,L"]
[Black "Bellon Lopez,JuM"]
[Result "0-1"]
[WhiteElo "2183"]
[BlackElo "2440"]

1.e4 c5 2.Nf3 e6 3.d4 cxd4 4.Nxd4 Nc6 5.Nc3 Qc7 6.Be2 a6 7.O-O Nf6 8.Be3 b5
9.Nxc6 dxc6 10.a3 Bb7 11.f4 c5 12.e5 Rd8 13.Qe1 Nd5 14.Nxd5 Bxd5 15.a4 c4
16.axb5 axb5 17.Ra7 Qc6 18.Qf2 Rd7 19.Rfa1 Be7 20.Rxd7 Qxd7 21.Ra7 Qc6 22.Bb6 Bh4
23.g3 Be7 24.Bf1 f5 25.Rc7 Qa8 26.Bc5 Bd8 27.Rxg7 h5 28.h4 Qc6 29.Kh2 Bc7
30.Ba3 Bb6 31.Qd2 Kd8 32.Qb4 Kc8 33.Qe7 Re8 34.Qf7 Bg1+ 35.Kh3 Bf3  0-1